| 000 | 01433nam0a2200349 4500 | ||
|---|---|---|---|
| 001 | RU\NLR\BIBL_A\012555064 | ||
| 005 | 20210719171722.0 | ||
| 010 |
_a978-5-94655-385-8 _9300 |
||
| 021 |
_aRU _bКН-П-21-011646 _9КН-П-21-0944 |
||
| 035 | _a(NLR Aleph) 012555064 | ||
| 090 |
_a12442893 _c12442893 |
||
| 100 | _a20210630d2020 u y0rusy50 ca | ||
| 101 | 0 | _arus | |
| 102 | _aRU | ||
| 105 | _aa z 000gy | ||
| 181 | 0 |
_ai _baxxe |
|
| 182 | 0 | _an | |
| 200 | 1 |
_aОт сердца к сердцу нить... _fНаталья Калагина, стихотворения, Ирина Гершевицкая, живопись |
|
| 203 |
_aТекст _bвизуальный _cнепосредственный |
||
| 210 |
_aУльяновск _cКорпорация технологий продвижения _d2020 |
||
| 215 |
_a123 с. _cцв. ил. _d21 |
||
| 600 | 1 |
_aГершевицкая _bИ. С. _f1967 _gИрина Степановна _92482892 _3RU\NLR\AUTH\6601690286 |
|
| 686 | 1 | _aЩ143(2)7-9Гершевицкая | |
| 686 | 2 | _aШ6(2=Р)8-5Калагина | |
| 700 | 1 |
_aКалагина _bН. А. _f1972- _gНаталья Александровна |
|
| 701 | 1 |
_aГершевицкая _bИ. С. _f1967- _gИрина Степановна |
|
| 942 | _cBOOK | ||
| 980 | _aNBR | ||
| 980 | _aNB | ||